01103nam a2200229 i 4500001000300000100002500003245009400028260007000122300003400192490026000226500003000486504002200516650002300538830011900561022001300680040000800693041001300701044000800714080001200722008004100734856009800775bg1 aLeonowicz, Zbigniew.0 aParametric methods for time-frequency analysis of electric signals /cZbigniew Leonowicz. aWrocław :bOficyna Wydawnicza Politechniki Wrocławskiej,c2006. a108 s. :brys., wykr.c24 cm.1 aPrace Naukowe Instytutu Podstaw Elektrotechniki i Elektrotechnologii Politechniki Wrocławskiej. Monografie =aScientific Papers of the Institute of Electrical Engineering Fundamentals of the Wrocław University of Technology. Monographs,x0324-945X ;v15 aNumeracja ser. gł. : 45. aBibliogr. Indeks. 9aTeoria sygnałów 0aPrace Naukowe Instytutu Podstaw Elektrotechniki i Elektrotechnologii Politechniki Wrocławskiej.pMonografie ;v15 a0324945X cBPK aenghpol apol a621.391 s pl f |000 0 pol  uhttp://koha.tu.koszalin.pl/cgi-bin/koha/opac-detail.pl?biblionumber=53936yKatalog online BPK